000 00719nam a22002297a 4500
005 20240228145144.0
008 230124b |||||||| |||| 00| 0 eng d
020 _a9780451218469
037 _3Donación
040 _aCO-JMCR
_cCO-JMCR
_dCO-JMCR
_erda
041 _aeng
082 0 4 _aA-N
_bSHOb
100 1 _aShors, John
_eautor
_942693
245 1 0 _aBeneath a marble sky :
_ba love story /
_cJohn Shors
260 _aUnited States of America
_bNew American Library
_c2006
300 _a344 páginas
_c21 cm
500 _aIncluye nota de autor -- Incluye guia del lector
650 _2JMCR
_aLiteratura estadounidense
650 _aNovela estadounidense
650 _aAmor en la literatura
_9634
942 _2ddc
_cBK
999 _c30009
_d16393